<?xml version="1.0" encoding="UTF-8"?>
<collection xmlns="http://www.loc.gov/MARC21/slim">
 <record>
  <leader>00868nam a2200229 a 4500</leader>
  <controlfield tag="001">1993851</controlfield>
  <controlfield tag="008">091119s1989    bg            000 0aeng d</controlfield>
  <datafield tag="010" ind1=" " ind2=" ">
   <subfield code="a">\\\89903329 </subfield>
  </datafield>
  <datafield tag="040" ind1=" " ind2=" ">
   <subfield code="a">DLC</subfield>
   <subfield code="c">DLC</subfield>
   <subfield code="d">DLC</subfield>
  </datafield>
  <datafield tag="082" ind1="0" ind2="0">
   <subfield code="a">947.084</subfield>
   <subfield code="2">20</subfield>
  </datafield>
  <datafield tag="100" ind1="1" ind2=" ">
   <subfield code="a">Sen, Achintya.</subfield>
  </datafield>
  <datafield tag="245" ind1="1" ind2="0">
   <subfield code="a">Shifting winds :</subfield>
   <subfield code="b">China and the Soviet Union in the 1980s /</subfield>
   <subfield code="c">Achintya Sen.</subfield>
  </datafield>
  <datafield tag="260" ind1=" " ind2=" ">
   <subfield code="a">Dhaka :</subfield>
   <subfield code="b">University Press,</subfield>
   <subfield code="c">1989.</subfield>
  </datafield>
  <datafield tag="300" ind1=" " ind2=" ">
   <subfield code="a">xviii, 64 p. ;</subfield>
   <subfield code="c">21 cm.</subfield>
  </datafield>
  <datafield tag="541" ind1="1" ind2=" ">
   <subfield code="e">00003570</subfield>
  </datafield>
  <datafield tag="651" ind1=" " ind2="0">
   <subfield code="a">China</subfield>
   <subfield code="x">Description and travel.</subfield>
  </datafield>
  <datafield tag="651" ind1=" " ind2="0">
   <subfield code="a">Soviet Union</subfield>
   <subfield code="x">Description and travel.</subfield>
  </datafield>
  <datafield tag="600" ind1="1" ind2="0">
   <subfield code="a">Sen, Achintya</subfield>
   <subfield code="x">Travel</subfield>
   <subfield code="z">China.</subfield>
  </datafield>
  <datafield tag="600" ind1="1" ind2="0">
   <subfield code="a">Sen, Achintya</subfield>
   <subfield code="x">Travel</subfield>
   <subfield code="z">Soviet Union.</subfield>
  </datafield>
  <datafield tag="852" ind1="4" ind2=" ">
   <subfield code="a">Ayesha Abed Library</subfield>
   <subfield code="j">General shelf</subfield>
  </datafield>
  <datafield tag="999" ind1=" " ind2=" ">
   <subfield code="c">5607</subfield>
   <subfield code="d">5607</subfield>
  </datafield>
  <datafield tag="952" ind1=" " ind2=" ">
   <subfield code="0">0</subfield>
   <subfield code="1">0</subfield>
   <subfield code="2">ddc</subfield>
   <subfield code="4">0</subfield>
   <subfield code="6">947_084000000000000_SEN_1989</subfield>
   <subfield code="7">0</subfield>
   <subfield code="9">5506</subfield>
   <subfield code="a">BRACUL</subfield>
   <subfield code="b">BRACUL</subfield>
   <subfield code="c">GEN</subfield>
   <subfield code="d">2009-11-19</subfield>
   <subfield code="g">150.00</subfield>
   <subfield code="l">0</subfield>
   <subfield code="o">947.084 SEN</subfield>
   <subfield code="p">3010003570</subfield>
   <subfield code="r">2009-11-19</subfield>
   <subfield code="t">1</subfield>
   <subfield code="w">2009-11-19</subfield>
   <subfield code="y">BK</subfield>
  </datafield>
 </record>
</collection>
